[Event "Tournoi Skype 020B"]
[Site "Skype"]
[Date "????.??.??"]
[Round "1.36"]
[White "Lemoine, Gerard"]
[Black "Sanchez Padilla, Armando Edilber"]
[Result "0-1"]
[WhiteElo "1297"]
[BlackElo "1000"]
[PlyCount "158"]

1. d4 Nf6 2. c4 d6 3. Nc3 e5 4. e4 Be7 5. Nf3 Nc6 6. dxe5 dxe5 7. Bg5 O-O 8.
Qxd8 Rxd8 9. Be2 h6 10. Bh4 Bg4 11. Bg3 Bxf3 12. Bxf3 Nd4 13. Bd1 Nd7 14. O-O
Bf6 15. Nd5 Rac8 16. Nxf6+ Nxf6 17. Bxe5 Nxe4 18. Re1 Nc5 19. Bxd4 Rxd4 20. Be2
Re8 21. b4 Na4 22. Kf1 Nc3 23. c5 Rd2 24. Bf3 Rxe1+ 25. Kxe1 Rxa2 26. Rxa2 Nxa2
27. Bd5 Nxb4 28. Bxb7 c6 29. Kd2 a5 30. Kc3 Kf8 31. Kb3 Ke7 32. Ka4 Nd3 33.
Bxc6 Nxc5+ 34. Kxa5 Kd6 35. Kb5 f5 36. Be8 Ne4 37. Bg6 Ke5 38. f3 Nf2 39. Kc4
Kf4 40. Kd4 Kg5 41. Bh7 Kf6 42. Ke3 Nd1+ 43. Ke2 Nc3+ 44. Kd3 Nd5 45. h4 Nf4+
46. Ke3 Nxg2+ 47. Kf2 Nxh4 48. Kg3 g5 49. f4 Kg7 50. Bxf5 Nxf5+ 51. Kg4 Kf6 52.
fxg5+ hxg5 53. Kf3 Ke5 54. Kg4 Kf6 55. Kh5 Ng7+ 56. Kg4 Kg6 57. Kg3 Kh5 58. Kh3
g4+ 59. Kg3 Nf5+ 60. Kf4 Nd4 61. Kg3 Nf3 62. Kg2 Kh4 63. Kf2 Kh3 64. Ke2 Ng1+
65. Kf2 Kh2 66. Kf1 g3 67. Ke1 g2 68. Kf2 Nh3+ 69. Ke3 g1=Q+ 70. Ke4 Qg5 71.
Kd4 Nf4 72. Ke4 Kg3 73. Ke3 Qe5+ 74. Kd2 Kf3 75. Kc2 Ke2 76. Kb3 Qc5 77. Ka4
Nd5 78. Kb3 Kd3 79. Ka4 Qb4# 0-1

[Event "Tournoi Skype 020B"]
[Site "Skype"]
[Date "????.??.??"]
[Round "1.37"]
[White "Schnell, Nicolas"]
[Black "Ruiz Gomez, Luz Alba"]
[Result "0-1"]
[WhiteElo "1000"]
[BlackElo "1291"]
[PlyCount "24"]

1. e4 e5 2. Nf3 Nc6 3. d3 Nf6 4. d4 exd4 5. Nxd4 Bc5 6. Be3 Bb6 7. Bb5 O-O 8.
Nf5 Nxe4 9. Nh4 Qxh4 10. Rg1 Bxe3 11. g3 Qxh2 12. fxe3 Qf2# 0-1

[Event "Tournoi Skype 020B"]
[Site "Skype"]
[Date "????.??.??"]
[Round "1.38"]
[White "Winstead, Chuck"]
[Black "Dhenain, Sebastien"]
[Result "0-1"]
[WhiteElo "1000"]
[BlackElo "1230"]
[PlyCount "22"]

1. e4 e5 2. Nf3 Nc6 3. Bc4 Nf6 4. d3 Bc5 5. O-O O-O 6. Nxe5 Nxe5 7. Qh5 Nxh5 8.
a4 Ng4 9. Bg5 Qxg5 10. a5 Qh4 11. Nc3 Qxh2# 0-1

[Event "Tournoi Skype 020B"]
[Site "Skype"]
[Date "????.??.??"]
[Round "2.1"]
[White "Luna Perez Vico, Lorenzo"]
[Black "Guillaume, Mickael"]
[Result "1/2-1/2"]
[WhiteElo "1550"]
[BlackElo "1353"]
[PlyCount "69"]

1. e4 d6 2. d4 c6 3. Nf3 e6 4. c4 Be7 5. Bd3 Nd7 6. Nc3 Ngf6 7. O-O e5 8. dxe5
Nxe5 9. Nxe5 dxe5 10. Bc2 Qxd1 11. Nxd1 O-O 12. Ne3 Rd8 13. b3 Be6 14. Bb2 Bd6
15. Rad1 Rd7 16. Bc3 b6 17. Rd2 Rad8 18. Rfd1 a5 19. h3 h5 20. Nf1 c5 21. Nh2
Nh7 22. Nf3 f6 23. a4 g5 24. Nh2 Kg7 25. g4 Kg6 26. f3 h4 27. Kf2 Nf8 28. Nf1
Kh6 29. Ne3 Ng6 30. Ng2 Nf4 31. Nxf4 gxf4 32. Rd3 Kg5 33. R3d2 Bf7 34. Ke2 Be6
35. Bb2 1/2-1/2

[Event "Tournoi Skype 020B"]
[Site "Skype"]
[Date "????.??.??"]
[Round "2.2"]
[White "Porcabeuf, Jean-Marc"]
[Black "Fernandez Cabello, Emilio"]
[Result "0-1"]
[WhiteElo "1337"]
[BlackElo "1520"]
[PlyCount "50"]

1. d4 e6 2. Nf3 f5 3. e3 Nf6 4. Bd3 d6 5. c4 Be7 6. Nc3 O-O 7. O-O Qe8 8. Re1
c6 9. e4 Nxe4 10. Nxe4 fxe4 11. Bxe4 Qh5 12. Bc2 Na6 13. a3 g5 14. Qd3 e5 15.
Nxg5 Bf5 16. Ne4 d5 17. Qg3+ Qg6 18. Qxg6+ hxg6 19. cxd5 cxd5 20. Nc3 Bxc2 21.
Nxd5 Bd6 22. dxe5 Rae8 23. Nf6+ Kg7 24. Nxe8+ Rxe8 25. exd6 Rxe1# 0-1

[Event "Tournoi Skype 020B"]
[Site "Skype"]
[Date "????.??.??"]
[Round "2.3"]
[White "Farfallini, Michel"]
[Black "Gerbaux, Regis"]
[Result "0-1"]
[WhiteElo "1316"]
[BlackElo "1505"]
[PlyCount "50"]

1. e4 c5 2. Nf3 d6 3. d4 cxd4 4. Qxd4 a6 5. Nc3 Nc6 6. Qa4 Bd7 7. Qb3 e6 8. a3
Be7 9. Be3 b5 10. h4 Nf6 11. Bd3 O-O 12. Ne2 e5 13. Qc3 Rc8 14. Qd2 Re8 15. Ng3
d5 16. Bh6 gxh6 17. Qxh6 Bf8 18. Qg5+ Kh8 19. exd5 h6 20. Qe3 e4 21. Nxe4 Ng4
22. Qf4 Nce5 23. O-O-O Nxd3+ 24. Rxd3 Nxf2 25. Nfg5 Nxd3+ 0-1

[Event "Tournoi Skype 020B"]
[Site "Skype"]
[Date "????.??.??"]
[Round "2.4"]
[White "Ruiz Gomez, Luz Alba"]
[Black "Hargez, Dany"]
[Result "0-1"]
[WhiteElo "1291"]
[BlackElo "1462"]
[PlyCount "94"]

1. d4 d5 2. Nf3 Bf5 3. Bf4 Nf6 4. e3 e6 5. Be2 Bd6 6. Bg3 O-O 7. O-O c6 8. c3
Ng4 9. Ne5 Nxe5 10. Bxe5 Bxe5 11. dxe5 Qg5 12. Kh1 Bg6 13. Nd2 Qxe5 14. Nf3 Qf6
15. Bd3 Nd7 16. Bxg6 fxg6 17. Rc1 e5 18. c4 d4 19. exd4 e4 20. Ng1 Rae8 21. Nh3
Qh4 22. f3 e3 23. Qe1 Qxd4 24. b3 Ne5 25. Rd1 Nd3 26. Qg3 e2 27. Rfe1 Qc3 28.
Rb1 Nxe1 29. Rxe1 Qb2 30. Ng1 Qxa2 31. f4 Qd2 32. Qf2 Rxf4 33. Qg3 Rf1 34. Rxe2
Qxe2 35. h3 Qd1 36. Qh2 Ree1 37. Qb8+ Kf7 38. Qc7+ Re7 39. Qh2 Rxg1+ 40. Qxg1
Re1 41. Qxe1 Qxe1+ 42. Kh2 Qc3 43. c5 Qxb3 44. h4 a5 45. g3 a4 46. Kh3 a3 47.
Kg4 a2 0-1

[Event "Tournoi Skype 020B"]
[Site "Skype"]
[Date "????.??.??"]
[Round "2.5"]
[White "Kruk, Clementine"]
[Black "Bustos, Ricardo"]
[Result "1-0"]
[WhiteElo "1443"]
[BlackElo "1318"]
[PlyCount "53"]

1. e4 c5 2. d4 cxd4 3. c3 Nc6 4. cxd4 d6 5. Nf3 Bg4 6. Be2 Nf6 7. Nc3 a6 8. a4
e6 9. Bg5 Be7 10. O-O O-O 11. Re1 Qc7 12. Rc1 Qb6 13. Qd2 Rfe8 14. d5 exd5 15.
exd5 Ne5 16. Nxe5 Bxe2 17. Rxe2 dxe5 18. Rxe5 Qd6 19. Rce1 h6 20. Bxf6 Bxf6 21.
Rxe8+ Rxe8 22. Rxe8+ Kh7 23. Qd3+ g6 24. Ne4 Qf4 25. Nxf6+ Qxf6 26. Qc3 Qxc3
27. bxc3 1-0

[Event "Tournoi Skype 020B"]
[Site "Skype"]
[Date "????.??.??"]
[Round "2.6"]
[White "De Nobrega, George"]
[Black "Codina, Teresa"]
[Result "1-0"]
[WhiteElo "1435"]
[BlackElo "1283"]
[PlyCount "76"]

1. e4 e5 2. Nf3 Nc6 3. d4 exd4 4. Nxd4 Qf6 5. Nxc6 Qxc6 6. Nc3 Bb4 7. Qd4 Bxc3+
8. bxc3 Nf6 9. Qe5+ Kd8 10. Bd3 d6 11. Qd4 Re8 12. f3 Ke7 13. O-O Kf8 14. Bg5
Nh5 15. a4 a6 16. c4 h6 17. Be3 Be6 18. c5 d5 19. exd5 Bxd5 20. Bd2 Rad8 21.
Rfe1 Be6 22. Qe5 Nf6 23. Ba5 Nd5 24. c4 b6 25. cxb6 cxb6 26. Bd2 Nc7 27. Bb4+
Kg8 28. Qe4 Qxe4 29. Bxe4 Bxc4 30. Rac1 b5 31. axb5 axb5 32. Ba5 Rd7 33. Bh7+
Kf8 34. Bf5 Rde7 35. Bb4 g6 36. Bd7 Nd5 37. Bxe8 Kxe8 38. Bxe7 Nxe7 1-0

[Event "Tournoi Skype 020B"]
[Site "Skype"]
[Date "????.??.??"]
[Round "2.7"]
[White "Levantini, Claudio"]
[Black "Kruzeniski, Randy"]
[Result "1-0"]
[WhiteElo "1242"]
[BlackElo "1425"]
[PlyCount "41"]

1. e4 c5 2. Nf3 d6 3. Nc3 Nc6 4. d3 g6 5. Be3 Bg7 6. Qd2 Nf6 7. Be2 O-O 8. Bh6
e6 9. Bxg7 Kxg7 10. O-O b6 11. h3 Ba6 12. a3 b5 13. b4 cxb4 14. axb4 Nxb4 15.
Nxb5 Qa5 16. Rxa5 Bxb5 17. Qxb4 Bd7 18. Rfa1 Rfb8 19. Qxd6 Rb6 20. Qxb6 axb6
21. Rxa8 1-0

[Event "Tournoi Skype 020B"]
[Site "Skype"]
[Date "????.??.??"]
[Round "2.8"]
[White "Sommadossi, Roberto"]
[Black "Diaz, Jose Garcia"]
[Result "0-1"]
[WhiteElo "1423"]
[BlackElo "1251"]
[PlyCount "94"]

1. e4 e5 2. Nc3 Nf6 3. f4 d6 4. Nf3 Bg4 5. Bc4 h6 6. O-O Be7 7. h3 Bxf3 8. Qxf3
Nbd7 9. d3 O-O 10. Be3 c6 11. Ne2 Nb6 12. Bb3 exf4 13. Bxf4 Nbd7 14. d4 d5 15.
e5 Nh7 16. Ng3 Ng5 17. Qg4 g6 18. h4 a5 19. c3 f5 20. Qe2 Ne6 21. Bxh6 Bxh4 22.
Nxf5 Rxf5 23. Rxf5 gxf5 24. Qh5 Ng7 25. Bxg7 Kxg7 26. Qxf5 Nf8 27. Bc2 Qg5 28.
Qxg5+ Bxg5 29. Re1 Ne6 30. Bf5 Re8 31. a4 Nf4 32. Bd7 Re7 33. e6 Bh4 34. Re3
Bg5 35. Kf1 Kf6 36. Rf3 Kg7 37. g3 Nxe6 38. Rf5 Kg6 39. Re5 Rxd7 40. Rxe6+ Kf7
41. Re5 Bc1 42. b3 Bb2 43. Rf5+ Kg6 44. Rf3 Rf7 45. Ke2 Rxf3 46. Kxf3 Bxc3 47.
Ke3 Kg5 0-1

[Event "Tournoi Skype 020B"]
[Site "Skype"]
[Date "????.??.??"]
[Round "2.11"]
[White "Briere, Jean"]
[Black "Bucherie, Volcy"]
[Result "1-0"]
[WhiteElo "1390"]
[BlackElo "1236"]
[PlyCount "39"]

1. e4 c6 2. Nf3 d5 3. exd5 cxd5 4. d4 Bf5 5. Bb5+ Nc6 6. Ne5 Qc7 7. Nc3 Nf6 8.
Bg5 h6 9. Bxf6 gxf6 10. Nxc6 bxc6 11. Nxd5 Qa5+ 12. Qd2 Qd8 13. Bxc6+ Bd7 14.
Bxa8 Qxa8 15. Nc7+ Kd8 16. Nxa8 e5 17. O-O-O Bg4 18. dxe5+ Ke7 19. Qd6+ Ke8 20.
Qd8# 1-0

[Event "Tournoi Skype 020B"]
[Site "Skype"]
[Date "????.??.??"]
[Round "2.12"]
[White "Dubois, Real"]
[Black "Delmonte, Davide"]
[Result "0-1"]
[WhiteElo "1381"]
[BlackElo "1195"]
[PlyCount "38"]

1. d4 Nf6 2. c4 c6 3. Nc3 e6 4. Nf3 d5 5. e3 Nbd7 6. Be2 Qb6 7. a3 Be7 8. c5
Qc7 9. O-O Ng4 10. h3 Ngf6 11. Qc2 e5 12. dxe5 Nxe5 13. Nxe5 Qxe5 14. Bf3 Bf5
15. Qe2 O-O 16. Re1 Bxc5 17. Ra2 Bd6 18. b4 Qh2+ 19. Kf1 Qh1# 0-1

[Event "Tournoi Skype 020B"]
[Site "Skype"]
[Date "????.??.??"]
[Round "2.13"]
[White "Martin, Elise"]
[Black "Chavero, Victor"]
[Result "0-1"]
[WhiteElo "1038"]
[BlackElo "1376"]
[PlyCount "32"]

1. e4 e5 2. Nc3 Nf6 3. d3 d5 4. Nf3 Nc6 5. Bg5 Bc5 6. Be2 dxe4 7. Nxe5 Qd4 8.
O-O Qxe5 9. h3 Qxg5 10. Bf3 exf3 11. Qxf3 O-O 12. Na4 Bd6 13. b3 Bd7 14. c4 Nb4
15. c5 Bc6 16. Qe2 Qxg2# 0-1

[Event "Tournoi Skype 020B"]
[Site "Skype"]
[Date "????.??.??"]
[Round "2.14"]
[White "Ramirez Reina, Orlando"]
[Black "Baker, Abi"]
[Result "1-0"]
[WhiteElo "1372"]
[BlackElo "1118"]
[PlyCount "121"]

1. e4 e6 2. d4 d5 3. Nd2 c5 4. c3 Nc6 5. Bb5 Bd7 6. Bxc6 bxc6 7. Ne2 Bd6 8. e5
cxd4 9. exd6 dxc3 10. bxc3 Nf6 11. Ba3 Ne4 12. Nxe4 dxe4 13. Ng3 Qa5 14. Bb4
Qb5 15. Qe2 c5 16. Qxb5 Bxb5 17. Bxc5 O-O 18. Nxe4 a5 19. a4 Bd3 20. f3 f5 21.
Nf2 Bc4 22. O-O-O Rac8 23. Bd4 Rfd8 24. Be5 Rc5 25. f4 h6 26. h4 h5 27. Kc2 g6
28. Nh3 Bd5 29. Ng5 Bxg2 30. Nxe6 Be4+ 31. Kd2 Rd5+ 32. Kc1 Bxh1 33. Rxh1 Rb8
34. Rg1 Kf7 35. Nc7 Rd3 36. Kc2 Rh3 37. Rd1 Rxh4 38. Nb5 Rh2+ 39. Kb3 h4 40. d7
Rd8 41. Bc7 Rg8 42. d8=Q Rxd8 43. Bxd8 Rf2 44. Rd7+ Ke6 45. Rd6+ Kf7 46. Bg5 h3
47. Rd7+ Ke6 48. Rh7 Rg2 49. Rxh3 Rg1 50. Kc4 Ra1 51. Nd4+ Kf7 52. Kb5 Rb1+ 53.
Kxa5 Rc1 54. Ka6 Rxc3 55. Rxc3 Kg7 56. Rc7+ Kf8 57. Kb6 Ke8 58. a5 Kf8 59. a6
Ke8 60. a7 Kf8 61. a8=R# 1-0

[Event "Tournoi Skype 020B"]
[Site "Skype"]
[Date "????.??.??"]
[Round "2.15"]
[White "Jogi, Kalpesh"]
[Black "Khatanhar, Mohit"]
[Result "1-0"]
[WhiteElo "1000"]
[BlackElo "1369"]
[PlyCount "79"]

1. e4 e5 2. Nf3 d6 3. Nc3 Be6 4. d4 exd4 5. Nxd4 Qd7 6. Nxe6 Qxe6 7. Bd3 Be7 8.
Nb5 Qc8 9. O-O Nf6 10. Nc3 h6 11. g3 O-O 12. Bf4 Qh3 13. f3 Nh5 14. Be3 Nf6 15.
Rf2 Qc8 16. Nd5 Qd8 17. Nxf6+ Bxf6 18. c3 Nd7 19. Qc2 Ne5 20. Be2 Be7 21. Bd4
f5 22. exf5 Rxf5 23. Qxf5 Qc8 24. Qe4 Bf6 25. Qd5+ Kh8 26. Qe4 c6 27. Bxe5 dxe5
28. f4 exf4 29. Rxf4 Qc7 30. Bd3 Qb6+ 31. Kh1 Kg8 32. Qh7+ Kf8 33. Qh8+ Kf7 34.
Qxa8 Qxb2 35. Raf1 Qxc3 36. Qxb7+ Kg8 37. Bf5 c5 38. Qc8+ Kf7 39. Qd7+ Kg8 40.
Qe8# 1-0

[Event "Tournoi Skype 020B"]
[Site "Skype"]
[Date "????.??.??"]
[Round "2.16"]
[White "Bhandari, Dattatrey"]
[Black "Khunte, Aniruddha"]
[Result "0-1"]
[WhiteElo "1361"]
[BlackElo "1000"]
[PlyCount "96"]

1. e4 e5 2. Nf3 Nc6 3. Bc4 Nd4 4. Nxd4 exd4 5. Qh5 Nh6 6. d3 d5 7. Bxd5 c6 8.
Bb3 Bg4 9. Bxf7+ Nxf7 10. Qxg4 Qf6 11. Qg3 Bd6 12. f4 Bc7 13. Bd2 O-O 14. O-O
c5 15. Na3 a6 16. Nc4 b5 17. e5 Qf5 18. a3 bxc4 19. Rf3 cxd3 20. cxd3 Rac8 21.
b4 Bb6 22. Qf2 c4 23. Qh4 cxd3 24. Re1 Rc2 25. g4 Qd7 26. Rh3 h6 27. g5 Bd8 28.
e6 Qd5 29. exf7+ Qxf7 30. Rxd3 Qg6 31. Qg4 Qxd3 32. Qe6+ Kh7 33. gxh6 Qg6+ 34.
Qxg6+ Kxg6 35. Re6+ Kh7 36. Be1 Rxf4 37. Bg3 Rg4 38. Rxa6 d3 39. Rd6 Bg5 40.
Rxd3 Bxh6 41. Kf1 Re4 42. b5 Bf4 43. Bxf4 Rxf4+ 44. Ke1 Rb2 45. Rd5 Rff2 46. a4
Rxh2 47. Rh5+ Rxh5 48. b6 Rh1# 0-1

[Event "Tournoi Skype 020B"]
[Site "Skype"]
[Date "????.??.??"]
[Round "2.17"]
[White "Sanchez Padilla, Armando Edilber"]
[Black "Hernandez, George"]
[Result "0-1"]
[WhiteElo "1000"]
[BlackElo "1443"]
[PlyCount "79"]

1. e4 e5 2. Nf3 Nf6 3. Nc3 Nc6 4. Bb5 d5 5. d3 Bc5 6. Bg5 O-O 7. O-O h6 8. Bxf6
Qxf6 9. Nxd5 Qd6 10. c3 Be6 11. b4 Bb6 12. Bc4 a5 13. a3 Ne7 14. Nxe7+ Qxe7 15.
Nxe5 Bxc4 16. Nxc4 axb4 17. axb4 Rxa1 18. Qxa1 Rd8 19. d4 Qxe4 20. Qa2 Re8 21.
Ne3 Qd3 22. Qc2 Qb5 23. Re1 c6 24. Qd2 Qg5 25. Nc4 Qxd2 26. Rxe8+ Kh7 27. Nxd2
f5 28. Nc4 Bc7 29. Re7 Bd8 30. Rxb7 h5 31. Rd7 Bf6 32. h3 Kg8 33. f4 Kf8 34.
Rc7 c5 35. Rxc5 g6 36. b5 Bd8 37. Rc8 Ke7 38. b6 Kd7 39. b7 Bc7 40. Ne5+ 0-1

[Event "Tournoi Skype 020B"]
[Site "Skype"]
[Date "????.??.??"]
[Round "2.18"]
[White "Escudero Ocana, Francisco"]
[Black "Bacha, Mehdi"]
[Result "0-1"]
[WhiteElo "1446"]
[BlackElo "1030"]
[PlyCount "52"]

1. e4 Nc6 2. Nf3 e5 3. Bb5 Nf6 4. d3 a6 5. Bxc6 dxc6 6. Nxe5 Bd6 7. Nf3 O-O 8.
O-O Bg4 9. Re1 Re8 10. Nc3 b5 11. d4 b4 12. e5 bxc3 13. exf6 Qxf6 14. Qd3 Bxf3
15. Rxe8+ Rxe8 16. Qxc3 Bd5 17. Be3 h6 18. b3 a5 19. Qxa5 Qh4 20. h3 Qe4 21. f3
Qxe3+ 22. Kh1 Qxd4 23. Re1 Rxe1+ 24. Qxe1 Be6 25. Qc1 Bf4 26. Qa3 Qd1# 0-1

[Event "Tournoi Skype 020B"]
[Site "Skype"]
[Date "????.??.??"]
[Round "2.19"]
[White "Vervoort, Jean-Louis"]
[Black "Martin, Jean-Claude"]
[Result "1-0"]
[WhiteElo "1209"]
[BlackElo "1434"]
[PlyCount "63"]

1. d4 e5 2. d5 Bc5 3. e4 Qh4 4. Qe2 Nf6 5. h3 Qxe4 6. Nc3 Bxf2+ 7. Kxf2 Qd4+ 8.
Ke1 Qh4+ 9. Kd1 e4 10. Be3 Qh5 11. Qxh5 Nxh5 12. Nge2 f5 13. g3 d6 14. Bg2 O-O
15. Rf1 a6 16. Rf2 Nd7 17. Kd2 g6 18. Raf1 Ng7 19. Bh6 b5 20. g4 fxg4 21. hxg4
Rxf2 22. Rxf2 Bb7 23. Bxe4 Rf8 24. Rxf8+ Kxf8 25. Bxg7+ Kxg7 26. g5 h6 27.
gxh6+ Kxh6 28. Nf4 g5 29. Ne6 Nc5 30. Bf3 c6 31. Nxc5 cxd5 32. Nxb7 1-0

[Event "Tournoi Skype 020B"]
[Site "Skype"]
[Date "????.??.??"]
[Round "2.22"]
[White "Aceituno, Stebe"]
[Black "Lequeux, Pierre"]
[Result "1-0"]
[WhiteElo "1491"]
[BlackElo "1180"]
[PlyCount "29"]

1. e4 e5 2. Nf3 Nc6 3. Bc4 h6 4. Nc3 Nf6 5. O-O Bb4 6. d4 Bxc3 7. bxc3 exd4 8.
cxd4 Nxe4 9. Bd5 Ng5 10. Bxg5 hxg5 11. Re1+ Ne7 12. Nxg5 Rf8 13. Qf3 f6 14.
Qh5+ Rf7 15. Qxf7# 1-0

[Event "Tournoi Skype 020B"]
[Site "Skype"]
[Date "????.??.??"]
[Round "2.23"]
[White "Malbec, Robert"]
[Black "Yilmazer, Seher"]
[Result "1-0"]
[WhiteElo "1477"]
[BlackElo "1043"]
[PlyCount "73"]

1. e4 e5 2. Nf3 Nf6 3. Nxe5 Qe7 4. Nf3 Nxe4 5. Qe2 d5 6. d3 Bg4 7. Nbd2 Qf6 8.
dxe4 dxe4 9. Nxe4 Qb6 10. Ned2+ Be7 11. h3 Bh5 12. Nc4 Qc6 13. Ne3 O-O 14. c3
Nd7 15. g4 Bg6 16. Bg2 Bc5 17. O-O Rae8 18. Bd2 h5 19. Ne5 Nxe5 20. Bxc6 bxc6
21. b4 Bb6 22. gxh5 Be4 23. Qd1 Nf3+ 24. Kg2 Nh4+ 25. Kg3 g5 26. hxg6 Nf3 27.
Bc1 Re6 28. gxf7+ Kxf7 29. Qb3 Rg8+ 30. Ng4 c5 31. bxc5 Bxc5 32. Bf4 Bf8 33.
Rfe1 Ke7 34. Rxe4 Rxe4 35. Qxg8 Rxf4 36. Kxf4 Bh6+ 37. Nxh6 1-0

[Event "Tournoi Skype 020B"]
[Site "Skype"]
[Date "????.??.??"]
[Round "2.24"]
[White "Alverson, Ginny"]
[Black "Milanese, Serge"]
[Result "0-1"]
[WhiteElo "1146"]
[BlackElo "1442"]
[PlyCount "76"]

1. Nf3 d5 2. d4 Nf6 3. e3 Bg4 4. Be2 e6 5. Nbd2 Bxf3 6. Nxf3 c6 7. O-O Bd6 8.
c4 O-O 9. c5 Bc7 10. Qb3 b6 11. cxb6 axb6 12. Ne5 Qd6 13. f4 Nbd7 14. Nd3 Ne4
15. Bf3 Ng5 16. Ne5 Nxe5 17. dxe5 Qe7 18. fxg5 Qxg5 19. Qc3 c5 20. Bd2 Ra4 21.
b3 Rh4 22. e4 Bxe5 23. Bxg5 Bxc3 24. Bxh4 Bxa1 25. Rxa1 d4 26. Rd1 b5 27. Be7
Rc8 28. Be2 b4 29. Ba6 Ra8 30. Bb7 Rxa2 31. Bxc5 Rb2 32. Bxd4 Rxb3 33. Bd5 exd5
34. exd5 Kf8 35. d6 Ke8 36. Re1+ Kd7 37. Rc1 Rc3 38. Bxc3 bxc3 0-1

[Event "Tournoi Skype 020B"]
[Site "Skype"]
[Date "????.??.??"]
[Round "2.25"]
[White "Bouffard, Georges"]
[Black "Erten, Ozlem"]
[Result "0-1"]
[WhiteElo "1432"]
[BlackElo "1015"]
[PlyCount "90"]

1. e4 e5 2. Nf3 Nc6 3. d3 Nf6 4. Bg5 h6 5. Bh4 Be7 6. Nfd2 d6 7. Be2 Be6 8. c3
Qd7 9. f3 O-O-O 10. Nb3 d5 11. Bf2 g5 12. Nc5 Bxc5 13. Bxc5 dxe4 14. fxe4 Ne8
15. Qc2 a6 16. Na3 Nd6 17. Rd1 Bg4 18. Be3 Bxe2 19. Qxe2 Qe6 20. c4 Rhf8 21.
O-O f5 22. Rf3 g4 23. Rff1 f4 24. Bc5 f3 25. Qe3 fxg2 26. Rf2 g3 27. Qxg3 Nxe4
28. Qxg2 Nxf2 29. Bxf2 e4 30. Nc2 exd3 31. Nd4 Nxd4 32. Rd2 Qg8 33. Bg3 Nf3+
34. Kh1 Nxd2 35. Qh3+ Rd7 36. Qg2 Rf1+ 37. Qxf1 Nxf1 38. Bf2 d2 39. c5 d1=Q 40.
c6 bxc6 41. b4 Ng3+ 42. Kg2 Nf5+ 43. Kh3 Rd2 44. Bg3 Nxg3 45. hxg3 Qh1# 0-1

[Event "Tournoi Skype 020B"]
[Site "Skype"]
[Date "????.??.??"]
[Round "2.26"]
[White "Marino, Giuseppe"]
[Black "Tekes, Gamze"]
[Result "1-0"]
[WhiteElo "1418"]
[BlackElo "1007"]
[PlyCount "93"]

1. d4 e6 2. e3 Nf6 3. Nf3 Nc6 4. c3 Bd6 5. h3 O-O 6. Bd3 b5 7. Bxb5 Na5 8. Nbd2
a6 9. Bd3 c5 10. O-O Qc7 11. Be4 Rb8 12. Bd3 cxd4 13. exd4 Nc6 14. Re1 Ne7 15.
Ne4 Nxe4 16. Bxe4 Rb5 17. Qc2 Rh5 18. c4 f5 19. Bd3 Bb7 20. Ne5 Rf6 21. c5 Bxe5
22. dxe5 Rg6 23. Bf1 Rxh3 24. f3 Bxf3 25. Kf2 Qc6 26. gxh3 Nd5 27. a3 Nc7 28.
Re3 Bg2 29. Be2 Bh1 30. Bf3 Bxf3 31. Rxf3 Qb5 32. Rg3 Rxg3 33. Kxg3 h5 34. Bd2
Qe2 35. Re1 Qb5 36. a4 Qc6 37. Qb3 g5 38. Bxg5 Nd5 39. Qb8+ Kg7 40. Bh6+ Kxh6
41. Qh8+ Kg6 42. Qg8+ Kh6 43. Kh4 Qc8 44. Qxc8 Ne7 45. Qh8+ Kg6 46. Rg1+ Kf7
47. Rg7# 1-0

[Event "Tournoi Skype 020B"]
[Site "Skype"]
[Date "????.??.??"]
[Round "2.29"]
[White "Scata, Laura"]
[Black "Battaglia, Gabriele"]
[Result "0-1"]
[WhiteElo "1058"]
[BlackElo "1360"]
[PlyCount "76"]

1. d4 d5 2. c4 e6 3. Bf4 Bd6 4. Bxd6 Qxd6 5. Nf3 Qb4+ 6. Qd2 Qxd2+ 7. Nbxd2 Nf6
8. e3 O-O 9. Bd3 Nc6 10. O-O Re8 11. Rfe1 Nb4 12. Bb1 a5 13. a3 Nc6 14. cxd5
exd5 15. Ba2 Be6 16. Ne5 Nxe5 17. dxe5 Nd7 18. e4 dxe4 19. Bxe6 Rxe6 20. Rxe4
Nxe5 21. Rae1 f6 22. f4 Rae8 23. fxe5 Rxe5 24. Nc4 Rxe4 25. Rxe4 Rxe4 26. Nxa5
b6 27. Nc6 g5 28. Kf2 h5 29. b4 Kf7 30. a4 f5 31. a5 bxa5 32. bxa5 Ra4 33. Ke3
f4+ 34. Kd3 g4 35. Kc3 f3 36. gxf3 gxf3 37. Kb3 Re4 38. Nb4 f2 0-1

[Event "Tournoi Skype 020B"]
[Site "Skype"]
[Date "????.??.??"]
[Round "2.30"]
[White "Torres, Vicky"]
[Black "Mimouni, Driss"]
[Result "1-0"]
[WhiteElo "1359"]
[BlackElo "1000"]
[PlyCount "51"]

1. e4 d5 2. exd5 Qxd5 3. Nc3 Qe5+ 4. Be2 Nf6 5. Nf3 Qc5 6. d4 Qb6 7. O-O Bg4 8.
Bf4 Nc6 9. Nb5 Rc8 10. d5 Rd8 11. Nxc7+ Kd7 12. dxc6+ Kc8 13. cxb7+ Qxb7 14.
Bd3 Qxb2 15. Ba6+ Qb7 16. Bxb7+ Kxb7 17. Qxd8 g5 18. Qa8+ Kb6 19. Rab1+ Kc5 20.
Nxg5 Nd7 21. Qxa7+ Nb6 22. Qxb6+ Kc4 23. Rfd1 Bxd1 24. Rxd1 Bg7 25. Qb5+ Kc3
26. Qb3# 1-0

[Event "Tournoi Skype 020B"]
[Site "Skype"]
[Date "????.??.??"]
[Round "2.31"]
[White "Balasana"]
[Black "Lemoine, Gerard"]
[Result "0-1"]
[WhiteElo "1000"]
[BlackElo "1297"]
[PlyCount "100"]

1. e4 e6 2. Bc4 d5 3. Bb5+ c6 4. Be2 Bd7 5. h3 c5 6. Na3 a6 7. d3 Be7 8. Nf3
Qb6 9. O-O Nc6 10. c3 Bf6 11. Be3 d4 12. e5 Nxe5 13. cxd4 Nxf3+ 14. Bxf3 cxd4
15. Bd2 Bc6 16. Nc4 Qc5 17. Bxc6+ bxc6 18. Rc1 Ne7 19. Na5 Qd6 20. Nc4 Qc7 21.
Ba5 Qf4 22. Qf3 Nd5 23. Qxf4 Nxf4 24. Nd6+ Ke7 25. Bb4 Ne2+ 26. Kh1 Nxc1 27.
Rxc1 e5 28. Rxc6 Kd7 29. Rb6 Rhb8 30. Nc4 a5 31. Bxa5 Rc8 32. Rb7+ Kc6 33. Rxf7
Ra6 34. b4 Kb5 35. a4+ Kxa4 36. Rb7 Kb3 37. b5 Re6 38. b6 e4 39. Nd2+ Ka4 40.
Ra7 Rc1+ 41. Kh2 Be5+ 42. g3 Bb8 43. Ra8 Rcc6 44. Bc3+ Kb5 45. Nc4 exd3 46.
Ra5+ Kxc4 47. Bxd4 Rxb6 48. Bxb6 Rxb6 49. Ra4+ Kc3 50. Rc4+ Kxc4 0-1

[Event "Tournoi Skype 020B"]
[Site "Skype"]
[Date "????.??.??"]
[Round "2.32"]
[White "Gagnon, Sindy"]
[Black "Hernandez Lopez, Joaquin"]
[Result "*"]
[WhiteElo "1000"]
[BlackElo "1289"]
[PlyCount "62"]

1. e4 c5 2. Nc3 d6 3. Bc4 e6 4. d3 Nf6 5. Be3 a6 6. d4 Qc7 7. Nge2 Bd7 8. d5 e5
9. O-O Bg4 10. h3 Bh5 11. a3 b5 12. Ba2 Be7 13. b4 c4 14. a4 Qb7 15. axb5 axb5
16. Qd2 Na6 17. Rab1 Bd8 18. Rb2 Bxe2 19. Nxe2 Bb6 20. Qc3 Nxe4 21. Qa3 Nc7 22.
Qxa8+ Nxa8 23. f3 Bxe3+ 24. Kh2 Nd2 25. Rh1 O-O 26. Kg3 Qe7 27. h4 Bh6 28. Bb1
Nb6 29. Nc3 Bf4+ 30. Kg4 Qd7+ 31. Kh5 g6# *

[Event "Tournoi Skype 020B"]
[Site "Skype"]
[Date "????.??.??"]
[Round "2.33"]
[White "Vello, Pablo"]
[Black "Sahrane, Yani"]
[Result "1-0"]
[WhiteElo "1289"]
[BlackElo "1000"]
[PlyCount "31"]

1. d4 d5 2. Bf4 e6 3. Nf3 Nc6 4. e3 Nf6 5. Nbd2 Bd6 6. Bg3 Bxg3 7. hxg3 Bd7 8.
c3 Qe7 9. Bd3 O-O-O 10. Qc2 g6 11. O-O-O b6 12. Ba6+ Kb8 13. Nb3 Na5 14. Nxa5
bxa5 15. Qb3+ Ka8 16. Qb7# 1-0

[Event "Tournoi Skype 020B"]
[Site "Skype"]
[Date "????.??.??"]
[Round "2.34"]
[White "Maccaferri, Massimo"]
[Black "Schnell, Nicolas"]
[Result "1-0"]
[WhiteElo "1261"]
[BlackElo "1000"]
[PlyCount "57"]

1. e4 Nf6 2. Nc3 e5 3. h4 Ng4 4. Qxg4 d6 5. Qg3 Qe7 6. Nf3 h6 7. Bb5+ Bd7 8. d4
exd4 9. Nxd4 Nc6 10. Nf5 Qe6 11. Nxg7+ Bxg7 12. Qxg7 Rf8 13. Bxh6 Qe7 14. Qh7
f5 15. Bxf8 Qxh7 16. Bxd6 cxd6 17. Nd5 Qf7 18. Nc7+ Kd8 19. Nxa8 Qe7 20. O-O-O
Qe6 21. b3 Qh6+ 22. Rd2 Be8 23. Rhd1 fxe4 24. Kb1 Bh5 25. Rxd6+ Kc8 26. Rxh6
Be8 27. Rh8 a6 28. Rxe8+ Nd8 29. Rexd8# 1-0

[Event "Tournoi Skype 020B"]
[Site "Skype"]
[Date "????.??.??"]
[Round "2.35"]
[White "Marty, Yvette"]
[Black "Lecluyse, Koenraad"]
[Result "0-1"]
[WhiteElo "1000"]
[BlackElo "1208"]
[PlyCount "52"]

1. e4 e6 2. Nc3 c6 3. d4 d5 4. e5 Bb4 5. a3 Bxc3+ 6. bxc3 Ne7 7. Nf3 Qa5 8. Bd2
O-O 9. Be2 Nd7 10. O-O c5 11. Bd3 c4 12. Bxh7+ Kxh7 13. Ng5+ Kg8 14. Qh5 Rd8
15. Nxf7 Rf8 16. Ng5 Rf5 17. Qh7+ Kf8 18. Qh8+ Ng8 19. Rab1 Qxa3 20. Nxe6+ Kf7
21. Ng5+ Kf8 22. Ne6+ Kf7 23. Qxg7+ Ke8 24. Qxg8+ Nf8 25. Bh6 Bxe6 26. Bxf8
Bxg8 0-1